Biblioteka Instytutu Północnego w Olsztynie

Zmowa 1939 : (Rekord nr 27614)

Szczegóły MARC
000 -Nagłówek
fixed length control field 02038cam a2200553 i 4500
001 - Nr kontrolny bibl., która utworzyła rek.
control field xx004713800
003 - Siglum bibl., której nr kontr. jest w 001
control field NUKAT
005 - Data i czas ostatniej operacji
control field 20260416131407.0
008 - Elementy pola stałej długości
fixed length control field 191003s2019 pl a g |000 0 pol c
020 ## - ISBN
ISBN 9788395417047
035 ## - Systemowy numer kontrolny
systemowy numer kontrolny (OCoLC)1126642220
035 ## - Systemowy numer kontrolny
systemowy numer kontrolny (NUKAT)xx004713800
040 ## - Instytucja sporządzająca opis
Instytucja, która sporządziła opis SIEDL 001/WS
język katalgowania-trzyzn. kod pol
zasady opisu rda
Instytucja, która sporządziła rekord SIEDL 001/WS
Instytucja, która zmodyfikowała rekord GD U/Doros
045 2# - Okres czasu dla zawartości
czas między r. 9999 pne a nasz. czas. d1939
-- d1941
046 ## - Kod rodz. daty, data1, data2 (daty pne)
Begin/single date 2019
100 1# - Hasło główne-nazwa osobowa
Nazwa osobowa Zechenter, Anna
Daty biograficzne (1959- ).
rodzaj współpracy Autor
9 (RLIN) 40168
245 10 - Tytuł właściwy i oznaczenie odpow.
tytuł Zmowa 1939 :
dodatek do tytułu pakt Stalin-Hitler /
dod. inf. ze s. tyt./ozn. odpow. Anna Zechenter.
250 ## - Oznaczenie wydania
oznaczenie wydania Wydanie II.
260 ## - Adres wydawniczy
miejsce wydania, dystrybucji itp. Kraków :
nazwa wydawcy, dystrybutora itp. Instytut Pamięci Narodowej - Komisja Ścigania Zbrodni przeciwko Narodowi Polskiemu,
data wydania, dystrybucji itp. 2019.
300 ## - Opis fizyczny
objętość i/lub forma materiału 111 stron :
inne szczegóły opisu fizycznego ilustracje ;
format 21 cm.
336 ## - Content Type
Term Tekst
Code txt
Source rdacontent
337 ## - Media Type
Term Bez urządzenia pośredniczącego
Code n
Source rdamedia
338 ## - Carrier Type
Term Wolumin
Code nc
Source rdacarrier
380 ## - Form of work
Form of work Książki
380 ## - Form of work
Form of work Publikacje naukowe
388 1# - TIME PERIOD OF CREATION
Time period of creation term 2001-
500 ## - Uwaga ogólna
uwaga ogólna Bezpłatny dodatek do "Biuletynu IPN".
600 17 - Hasło przedmiotowe-nazwa osobowa
nazwa osobowa Hitler, Adolf
daty biograficzne (1889-1945)
źródło hasła DBN
9 (RLIN) 40171
600 17 - Hasło przedmiotowe-nazwa osobowa
nazwa osobowa Mołotow, Wiaczesław
daty biograficzne (1890-1986)
źródło hasła DBN
9 (RLIN) 40172
600 17 - Hasło przedmiotowe-nazwa osobowa
nazwa osobowa Ribbentrop, Joachim von
daty biograficzne (1893-1946)
źródło hasła DBN
9 (RLIN) 40173
600 17 - Hasło przedmiotowe-nazwa osobowa
nazwa osobowa Stalin, Józef
daty biograficzne (1878-1953)
źródło hasła DBN
9 (RLIN) 40174
648 #7 - SUBJECT ADDED ENTRY--CHRONOLOGICAL TERM
Chronological term 1901-2000
Source of heading or term DBN
9 (RLIN) 34996
648 #7 - SUBJECT ADDED ENTRY--CHRONOLOGICAL TERM
Chronological term 1918-1939
Source of heading or term DBN
9 (RLIN) 36041
648 #7 - SUBJECT ADDED ENTRY--CHRONOLOGICAL TERM
Chronological term 1939-1945
Source of heading or term DBN
9 (RLIN) 36042
650 #7 - Hasło przedmiotowe-nazwa pospolita
nazwa pospolita lub geogr. II wojna światowa (1939-1945)
źródło hasła DBN
9 (RLIN) 35099
650 #7 - Hasło przedmiotowe-nazwa pospolita
nazwa pospolita lub geogr. Pakt Ribbentrop-Mołotow (1939)
źródło hasła DBN
9 (RLIN) 40175
650 #7 - Hasło przedmiotowe-nazwa pospolita
nazwa pospolita lub geogr. Polityka międzynarodowa
źródło hasła DBN
9 (RLIN) 35770
650 #7 - Hasło przedmiotowe-nazwa pospolita
nazwa pospolita lub geogr. Trzecia Rzesza (1933-1945)
źródło hasła DBN
9 (RLIN) 40162
650 #7 - Hasło przedmiotowe-nazwa pospolita
nazwa pospolita lub geogr. Pakt o nieagresji niemiecko-radziecki (1939).
źródło hasła kaba
9 (RLIN) 40176
651 #7 - Hasło przedmiotowe-nazwa geogr.
nazwa geograficzna Europa
źródło hasła DBN
9 (RLIN) 35699
651 #7 - Hasło przedmiotowe-nazwa geogr.
nazwa geograficzna Niemcy
źródło hasła DBN
9 (RLIN) 35243
651 #7 - Hasło przedmiotowe-nazwa geogr.
nazwa geograficzna Polska
źródło hasła DBN
9 (RLIN) 35076
651 #7 - Hasło przedmiotowe-nazwa geogr.
nazwa geograficzna ZSRR
źródło hasła DBN
9 (RLIN) 37200
655 #7 - Termin określający rodzaj/formę
rodzaj/forma Opracowanie
źródło terminu DBN
9 (RLIN) 35024
658 ## - Nazwa określająca cel programu nauczania
główny cel programu nauczania Historia
710 2# - Hasło dodatkowe - nazwa ciała zbior.
nazwa ciała zbior. lub nazwa geogr. Instytut Pamięci Narodowej - Komisja Ścigania Zbrodni przeciwko Narodowi Polskiemu.
rodzaj współpracy Wydawca
kod rodzaju współpracy pbl
9 (RLIN) 11792
920 ## - ISBN
ISBN 978-83-954170-4-7
942 ## - ADDED ENTRY ELEMENTS (KOHA)
Source of classification or shelving scheme Dewey Decimal Classification
Koha item type pozycje dostępne na miejscu
Egzemplarze
Status wycofania Status zagubienia Klasyfikacja Status uszkodzenia Blokada wypożyczeń Kolekcja Lokalizacja macierzysta Lokalizacja bieżąca Data nabycia Numer akcesji Źródło akcesji Cena Nr inwentarzowy il. wypożyczeń Sygnatura Kod kreskowy Date last seen Price effective from Typ egz.
    Dewey Decimal Classification nieuszkodzona   książka w magazynie Biblioteka Instytutu Północnego w Olsztynie Biblioteka Instytutu Północnego w Olsztynie 15/11/2019 D-38/2019 dar 15.00 59908   59908 IPWK21607 16/04/2026 16/04/2026 pozycje dostępne na miejscu
Biblioteka Instytutu Północnego, ul. Partyzantów 87, 10-402 Olsztyn, email: biblioteka(at)ip.olsztyn.pl